|
|
|
|
| LEADER |
01942nam a2200541 i 4500 |
| 001 |
nkc20193080989 |
| 003 |
CZ PrNK |
| 005 |
20190408134815.0 |
| 007 |
ta |
| 008 |
190306s2019 xr a e f 000 0 cze |
| 015 |
|
|
|a cnb003080989
|
| 020 |
|
|
|a 978-80-86940-82-3
|q (Výzkumný ústav bramborářský ;
|q brožováno)
|
| 035 |
|
|
|a (OCoLC)1100763908
|
| 040 |
|
|
|a OLA001
|b cze
|d ABA001
|e rda
|
| 072 |
|
7 |
|a 633
|x Rostlinná výroba
|2 Konspekt
|9 24
|
| 080 |
|
|
|a 633.491
|2 MRF
|
| 080 |
|
|
|a 632.2/.4
|2 MRF
|
| 080 |
|
|
|a 632.6/.7
|2 MRF
|
| 080 |
|
|
|a 632.95
|2 MRF
|
| 080 |
|
|
|a (036)
|2 MRF
|
| 100 |
1 |
|
|a Hausvater, Ervín
|7 mzk2003171561
|4 aut
|
| 245 |
1 |
0 |
|a Nejdůležitější škodliví činitelé bramboru /
|c Ervín Hausvater, Petr Doležal
|
| 250 |
|
|
|a Vydání druhé, aktualizované
|
| 264 |
|
1 |
|a Havlíčkův Brod :
|b Výzkumný ústav bramborářský Havlíčkův Brod, s.r.o. :
|b Poradenský svaz Bramborářský kroužek,
|c 2019
|
| 300 |
|
|
|a 27 stran :
|b barevné ilustrace ;
|c 21 cm
|
| 336 |
|
|
|a text
|b txt
|2 rdacontent
|
| 337 |
|
|
|a bez média
|b n
|2 rdamedia
|
| 338 |
|
|
|a svazek
|b nc
|2 rdacarrier
|
| 490 |
1 |
|
|a Praktické informace ;
|v č. 73
|
| 500 |
|
|
|a Název z obálky
|
| 500 |
|
|
|a 1000 výtisků
|
| 650 |
0 |
7 |
|a brambory
|7 ph114194
|2 czenas
|
| 650 |
0 |
7 |
|a nemoci rostlin
|7 ph134930
|2 czenas
|
| 650 |
0 |
7 |
|a škůdci rostlin
|7 ph127823
|2 czenas
|
| 650 |
0 |
7 |
|a pesticidy
|7 ph124058
|2 czenas
|
| 650 |
0 |
9 |
|a potatoes
|2 eczenas
|
| 650 |
0 |
9 |
|a plant diseases
|2 eczenas
|
| 650 |
0 |
9 |
|a pests of plants
|2 eczenas
|
| 650 |
0 |
9 |
|a pesticides
|2 eczenas
|
| 655 |
|
7 |
|a informační publikace
|7 fd132454
|2 czenas
|
| 655 |
|
9 |
|a information publications
|2 eczenas
|
| 700 |
1 |
|
|a Doležal, Petr
|7 xx0021811
|4 aut
|
| 830 |
|
0 |
|a Praktické informace
|0 s
|
| 910 |
2 |
|
|a BOA001
|b 2-1425.283
|
| 990 |
|
|
|a BK
|
| 995 |
|
|
|a 01
|
| 991 |
|
|
|b 201903
|c NOV
|
| 996 |
6 |
|
|b 2610774497
|c 2-1425.283
|l MZK
|r Sklad / do 1 hodiny
|n 0
|p p.v.
|w 001713496
|u 000010
|a 1
|e BOA001
|j MZK50
|s P
|